| 000 | 02332cam a22005294i 4500 | ||
|---|---|---|---|
| 003 | PE-LiUPU | ||
| 005 | 20250731173256.0 | ||
| 008 | 150625s2002 ck rb 000 0 spa d | ||
| 020 | _a958914991X | ||
| 020 | _a9789589149911 | ||
| 035 | _a(Sirsi) i9789589149911 | ||
| 040 |
_aPE-LiUPU _bspa _cPE-LiUPU _erda |
||
| 049 | _aPRUA | ||
| 082 | 0 | 4 |
_a253.7 _bM12 _221 |
| 100 | 1 |
_aMcBride, Neal F., _eautor. |
|
| 245 | 1 | 0 |
_aCómo liderar grupos pequeños / _cNeal F. McBride. |
| 264 | 1 |
_aBogotá : _bCentros de Literatura Cristiana, _cc2002. |
|
| 300 |
_a203 páginas ; _c21 centímetros |
||
| 336 |
_atext _2rdacontent |
||
| 337 |
_aunmediated _2rdamedia |
||
| 338 |
_avolume _2rdacarrier |
||
| 504 | _aBibliografía al final de algunos capítulos. | ||
| 505 | 0 | _aLos fundamentos bíblicos para los grupos pequeños -- Viéndote a ti mismo como líder de grupo -- Comprendiendo el desarrollo de tu grupo -- Conociendo a tu grupo -- Liderando a tu grupo -- Manejando las dificultades de tu grupo -- Evaluando a tu grupo. | |
| 526 | _aSEG42 | ||
| 526 | _aSEG41 | ||
| 526 | _aSEG40 | ||
| 526 | _aSEG39 | ||
| 526 | _aP94 | ||
| 526 | _aP87 | ||
| 526 | _aP86 | ||
| 526 | _aP85 | ||
| 526 | _aP77 | ||
| 526 | _aP76 | ||
| 526 | _aP35 | ||
| 541 | _g001-0000593; | ||
| 650 | 0 | 4 | _aLiderazgo. |
| 650 | 0 | 4 | _aPequeños grupos. |
| 910 |
_adbm _bjpc _cjpc _d20190507 |
||
| 942 |
_2ddc _cBOOK |
||
| 949 |
_a253.7 M12 _wDEWEY _c1 _i55137 _d2016-9-23 _e2016-9-22 _lCCODEBUL1 _mBUL _n9 _p12.00 _r0 _sY _tBOOK _u2015-6-25 _xTEOLOGIA _zUNKNOWN _0COMPRA _o.STAFF. Colección Teología |
||
| 949 |
_a253.7 M12 _wDEWEY _c2 _i65438 _d2015-12-17 _e2015-12-17 _kCHECKEDOUT _lCCODEBUL1 _mBUL _n1 _p23.00 _rM _sY _tBOOK _u2015-6-25 _xTEOLOGIA _PP35 _0COMPRA _o.STAFF. Colección Teología |
||
| 994 |
_aC0 _bPEPRU |
||
| 596 | _a1 | ||
| 999 |
_a253.7 M12 _wDEWEY _c43758 _i55137 _d43758 _e2018-5-10 _f2021-11-10 _g6 _lCCODEBUL1 _mBUL _n10 _p12.00 _q3 _r0 _sY _tBOOK _u2015-6-25 _xTEOLOGIA _PP35 _0COMPRA _o.STAFF. Colección Teología |
||
| 999 |
_a253.7 M12 _wDEWEY _c2 _i65438 _d2019-10-2 _e2015-12-17 _lLOST _mBUL _n1 _p23.00 _r0 _sY _tBOOK _u2015-6-25 _xTEOLOGIA _PP35 _0COMPRA _o.STAFF. Colección Teología |
||
| 980 |
_81 _gALBERTO SANCHEZ Responsable de Automatización |
||